000 00236nam a22001097a 4500
999 _c261445
_d261447
020 _a9780141371467
100 _aRoald Dahl
245 _aThe Magic Finger
260 _aUK
_bPenguin Random House
_c1966
300 _a56 pgs
942 _cBK